MARC details
| 000 -CABECERA |
| campo de control de longitud fija |
03257nam a2200265 a 4500 |
| 001 - NÚMERO DE CONTROL |
| campo de control |
000015090 |
| 005 - FECHA Y HORA DE LA ÚLTIMA TRANSACCIÓN |
| campo de control |
20240304103305.0 |
| 008 - DATOS DE LONGITUD FIJA--INFORMACIÓN GENERAL |
| campo de control de longitud fija |
100201s2004 dr r 001 0 spa d |
| 040 ## - FUENTE DE LA CATALOGACIÓN |
| Centro catalogador/agencia de origen |
DO-SdBNP |
| Lengua de catalogación |
spa |
| Centro/agencia transcriptor |
BNPHU |
| 082 ## - NÚMERO DE LA CLASIFICACIÓN DECIMAL DEWEY |
| Número de clasificación |
363.7 |
| Número de documento/Ítem |
S446e |
| 245 03 - MENCIÓN DE TÍTULO |
| Título |
La Secretaría de Estado de Medio Ambiente y Recursos Naturales en el escenario internacional / |
| Mención de responsabilidad, etc. |
coordinación y redacción Félix Fernández ; edición Jeannette Canals. |
| 260 ## - PUBLICACIÓN, DISTRIBUCIÓN, ETC. |
| Lugar de publicación, distribución, etc. |
Santo Domingo : |
| Nombre del editor, distribuidor, etc. |
La Unión, |
| Fecha de publicación, distribución, etc. |
2004. |
| 300 ## - DESCRIPCIÓN FÍSICA |
| Extensión |
127 p. ; |
| -- |
23n cm. |
| 504 ## - NOTA DE BIBLIOGRAFÍA, ETC. |
| Nota de bibliografía, etc. |
Incluye referencias bibliográficas y notas al pie de páginas. |
| 505 0# - NOTA DE CONTENIDO CON FORMATO |
| Información miscelánea |
Introducción -- |
| Título |
Compromisos internacionales de la República Dominicana relativos al medio ambiente y los recursos naturales: |
| -- |
Convenio de Basilea sobre el Control de Movimientos Transfronterizos de los Desechos Peligrosos y su eliminación -- |
| -- |
Convención Oceanográfica Intergubernamental (COI) -- |
| -- |
Convención de Viena para la Protección de la Capa de Ozono -- |
| -- |
Protocolo de Montreal relativo a las sustancias que agotan la capa de ozono -- |
| -- |
Convención marco de las Naciones Unidas sobre el cambio climático -- |
| -- |
Convención sobre Diversidad Biológica -- |
| -- |
Protocolo de Cartagena sobre Seguridad de la Biotecnología -- |
| -- |
Convención sobre Comercio Internacional de Especies Amenazadas de Fauna y Flora Silvestres (CITES) -- |
| -- |
Protocolo de Kyoto de la Convención Marco de las Naciones Unidas sobre cambio climático -- |
| -- |
Panel intergubernamental sobre Cambio Climático (IPCC) |
| -- |
Convención de las Naciones Unidas de lucha contra la desertificación y la sequía -- |
| -- |
Convención relativa a los humedales de importancia internacional, especialmente como hábitat de aves acuáticas (RAMSAR) -- |
| -- |
Convención para la Protección y el Desarrollo del Medio Marino en la Región del Gran Caribe (Convenio de Cartagena) -- |
| -- |
Protocolo concerniente a fuentes de contaminación marina procedente de fuentes y actividades terrestres -- |
| -- |
Protocolo relativo a las Áreas y Flora y Fauna Silvestres especialmente protegidas del Convenio para la Protección y el Desarrollo del Medio Marino de la Región del Gran Caribe (SPAW) -- |
| 505 0# - NOTA DE CONTENIDO CON FORMATO |
| Título |
Protocolo concerniente al Derrame de Hidrocarburos -- |
| -- |
Convención para la Prevención de la Contaminación Marina por Descarga de Desechos y otras Sustancias (MARPOL) -- |
| -- |
Convenio de Rotterdam sobre procedimiento de consentimiento previo fundamentado aplicable a ciertos plaguicidas y productos químicos peligrosos objeto de comercio internacional -- |
| -- |
Convención de Estocolmo sobre Contaminantes Orgánicos Persistentes (POPs) -- |
| -- |
Red de Formación Ambiental en América Latina -- |
| -- |
Global Environment Fund (GEF) -- |
| -- |
Comisión Forestal de América Latina y el Caribe (COFLAC) - |
| -- |
Foro de Bosques de las Naciones Unidas -- |
| Información miscelánea |
Anexos. |
| 590 ## - NOTA LOCAL (RLIN) |
| Nota local |
Inventariado, 2018/BT |
| 650 #4 - PUNTO DE ACCESO ADICIONAL DE MATERIA--TÉRMINO DE MATERIA |
| Término de materia o nombre geográfico como elemento de entrada |
Protección del medio ambiente |
| Subdivisión general |
Tratados |
| 9 (RLIN) |
34171 |
| 650 #4 - PUNTO DE ACCESO ADICIONAL DE MATERIA--TÉRMINO DE MATERIA |
| Término de materia o nombre geográfico como elemento de entrada |
Adhesión a tratados |
| Subdivisión geográfica |
República Dominicana |
| 9 (RLIN) |
34172 |
| 651 #4 - PUNTO DE ACCESO ADICIONAL DE MATERIA--NOMBRE GEOGRÁFICO |
| Nombre geográfico |
República Dominicana |
| Subdivisión general |
Tratados Internacionales |
| 9 (RLIN) |
9650 |
| 700 1# - PUNTO DE ACCESO ADICIONAL--NOMBRE DE PERSONA |
| Nombre de persona |
Fernández, Félix, |
| Término indicativo de función/relación |
coord. |
| 9 (RLIN) |
11384 |
| 700 1# - PUNTO DE ACCESO ADICIONAL--NOMBRE DE PERSONA |
| Nombre de persona |
Canals, Jeannette, |
| Término indicativo de función/relación |
ed. |
| 9 (RLIN) |
10203 |
| 710 1# - PUNTO DE ACCESO ADICIONAL--NOMBRE DE ENTIDAD CORPORATIVA |
| Nombre de entidad corporativa o nombre de jurisdicción como elemento de entrada |
República Dominicana. |
| Unidad subordinada |
Secretaría de Estado de Medio Ambiente y Recursos Naturales |
| 9 (RLIN) |
14503 |
| 910 ## - DATOS DE OPCIÓN DEL USUARIO (OCLC) |
| Datos de opción del usuario |
Validado. Control de calidad. EMS |